| 000 | 00804cab a22001935a 4500 | ||
|---|---|---|---|
| 001 | L151013 | ||
| 008 | 100923e2010 xxk 000 0 eng d | ||
| 035 | _a(Sirsi) u151013 | ||
| 041 | 0 | _aeng | |
| 100 | 1 | _aRawlinson, Simon | |
| 245 | 0 | 0 |
_aEconomics _bspecialist costs _boff-site manufacture |
| 260 | _c2010 | ||
| 490 |
_aBuilding _v275 (8646) 17 September 2010, 62-66(5) |
||
| 520 | _aContractors that specialise in techniques of off-site manufacture (OSM) are well placed to contribute to the cost-effective, high-quality construction that the UK needs in the age of austerity; introduction; dimensions; current capability; value added; procurement; indicative costs and programme. | ||
| 590 | _aKA | ||
| 651 | 4 |
_aUnited Kingdom _y |
|
| 690 | _aBUILT ENVIRONMENT-CONSTRUCTION DESIGN | ||
| 942 | _n0 | ||
| 999 |
_c82686 _d82686 |
||